The power to punish (Record no. 1454282)

MARC details
000 -LEADER
fixed length control field 00546nam a2200205Ia 4500
005 - DATE AND TIME OF LATEST TRANSACTION
control field 20250923145659.0
008 - FIXED-LENGTH DATA ELEMENTS--GENERAL INFORMATION
fixed length control field 008 250917s9999 xx 000 0 eng d
037 ## - SOURCE OF ACQUISITION
Stock number Textual
040 ## - CATALOGING SOURCE
Original cataloging agency DSWL
Language of cataloging eng
Transcribing agency DSWL
041 ## - LANGUAGE CODE
Language code of text/sound track or separate title eng
Source of code eng
084 ## - COLON CLASSIFICATION NUMBER
Classification number Y:45:g, N83
Assigning agency DSWL
245 #4 - TITLE STATEMENT
Title The power to punish
Statement of responsibility, etc. Ed. by D. Garland
260 ## - PUBLICATION, DISTRIBUTION, ETC.
Place of publication, distribution, etc. London
Name of publisher, distributor, etc. Heinemann
Date of publication, distribution, etc. 1983
300 ## - PHYSICAL DESCRIPTION
Extent x,238 p.
365 ## - TRADE PRICE
Price type code GBP
Price amount 5.95
700 ## - ADDED ENTRY--PERSONAL NAME
Personal name P Young
9 (RLIN) 837874
925 ## -
-- 5.95
942 ## - ADDED ENTRY ELEMENTS (KOHA)
Koha item type Textual
Classification part Y:45:g, N83
Holdings
Withdrawn status Lost status Damaged status Not for loan Home library Current library Date acquired Source of acquisition Inventory number Total Checkouts Full call number Barcode Date last seen Price effective from Koha item type
        Department of Social Work Library Department of Social Work Library 2025-09-23 Universal Book Dist. 1112 23/01/1985   Y:45:g, N83 SW0021952 2025-09-23 2025-09-23 Textual
Copyright @ Delhi University Library System